Vaidic ganith/ (Record no. 48706)

000 -LEADER
fixed length control field 00364nam a22001451a 4500
082 ## - DEWEY DECIMAL CLASSIFICATION NUMBER
Classification number H 510
Item number VAS/V
100 ## - MAIN ENTRY--AUTHOR NAME
Personal name Vasudevasaran Agarwal
245 ## - TITLE STATEMENT
Title Vaidic ganith/
Statement of responsibility, etc by Vasudevasaran Agarwal
260 ## - PUBLICATION, DISTRIBUTION, ETC. (IMPRINT)
Place of publication New Delhi:
Name of publisher Motilal Banarsidass,
Year of publication 1963.
300 ## - PHYSICAL DESCRIPTION
Number of Pages 334p.
650 ## - SUBJECT ADDED ENTRY--TOPICAL TERM
Topical Term Vedic Mathematics
650 ## - SUBJECT ADDED ENTRY--TOPICAL TERM
Topical Term Mathematics
650 ## - SUBJECT ADDED ENTRY--TOPICAL TERM
Topical Term Science
942 ## - ADDED ENTRY ELEMENTS (KOHA)
Koha item type Book
Holdings
Withdrawn status Lost status Damaged status Not for loan Permanent Location Current Location Date acquired Cost, normal purchase price Full call number Accession Number Cost, replacement price Price effective from Koha item type
        Sree Sankaracharya University of Sanskrit Sree Sankaracharya University of Sanskrit 08.01.2015 0.00 H 510 VAS/V 008309 0.00 08.01.2015 Book
        Sree Sankaracharya University of Sanskrit Sree Sankaracharya University of Sanskrit 08.01.2015 95.00 H 510 VAS/V 035421 0.00 08.01.2015 Book